<?xml version='1.0' encoding='UTF-8'?>
  <record xmlns="http://www.loc.gov/MARC21/slim">
    <leader>00000cam a22000007i 4500</leader>
    <controlfield tag="001">ocm64303023</controlfield>
    <controlfield tag="003">OCoLC</controlfield>
    <controlfield tag="005">20250416234059.3</controlfield>
    <controlfield tag="008">870107s1795    ne            000 0 dut d</controlfield>
    <datafield tag="040" ind1=" " ind2=" ">
      <subfield code="a">NLGGC</subfield>
      <subfield code="b">dut</subfield>
      <subfield code="e">fobidrtb</subfield>
      <subfield code="c">NLGGC</subfield>
      <subfield code="d">OCLCL</subfield>
      <subfield code="d">OCLCQ</subfield>
    </datafield>
    <datafield tag="029" ind1="0" ind2=" ">
      <subfield code="a">NLGGC</subfield>
      <subfield code="b">036076082</subfield>
    </datafield>
    <datafield tag="035" ind1=" " ind2=" ">
      <subfield code="a">(OCoLC)64303023</subfield>
    </datafield>
    <datafield tag="100" ind1="1" ind2=" ">
      <subfield code="a">Berg, Servaas van den.</subfield>
    </datafield>
    <datafield tag="245" ind1="1" ind2="0">
      <subfield code="a">Antwoord op de vraag, door de Maatschappy, ter Bevordering van den Landbouw, te Amsterdam ... opgegeeven ...: Op welke wyze zoude men het tegenwoordig ras van inlandsche paarden ... tot eene meerdere volkomenheid kunnen brengen, het zy door vermenging van hetzelve met vreemde rassen, of wel door eene meerdere oplettendheid, in het aanfokken en opvoeden der jonge paarden, als anderzins? /</subfield>
      <subfield code="c">door Servaas van den Berg.</subfield>
    </datafield>
    <datafield tag="246" ind1="3" ind2=" ">
      <subfield code="a">Derde verhandeling over de inlandsche paarden</subfield>
    </datafield>
    <datafield tag="246" ind1="3" ind2=" ">
      <subfield code="a">Verhandeling over de inlandsche paarden</subfield>
    </datafield>
    <datafield tag="260" ind1=" " ind2=" ">
      <subfield code="a">Te Amsterdam :</subfield>
      <subfield code="b">by Jan Christiaan Sepp en Zoon,</subfield>
      <subfield code="c">1795.</subfield>
    </datafield>
    <datafield tag="300" ind1=" " ind2=" ">
      <subfield code="a">44 p. ;</subfield>
      <subfield code="c">23 cm. +</subfield>
      <subfield code="e">bijl. (p. 189-196)</subfield>
    </datafield>
    <datafield tag="336" ind1=" " ind2=" ">
      <subfield code="a">tekst</subfield>
      <subfield code="b">txt</subfield>
      <subfield code="2">rdacontent/dut</subfield>
    </datafield>
    <datafield tag="337" ind1=" " ind2=" ">
      <subfield code="a">zonder medium</subfield>
      <subfield code="b">n</subfield>
      <subfield code="2">rdamedia/dut</subfield>
    </datafield>
    <datafield tag="338" ind1=" " ind2=" ">
      <subfield code="a">band</subfield>
      <subfield code="b">nc</subfield>
      <subfield code="2">rdacarrier/dut</subfield>
    </datafield>
    <datafield tag="490" ind1="0" ind2=" ">
      <subfield code="a">Verhandelingen uitgegeeven door de Maatschappy ter Bevordering van den Landbouw te Amsterdam ;</subfield>
      <subfield code="v">dl. 11, stk. 2, p. 153-196</subfield>
    </datafield>
    <datafield tag="500" ind1=" " ind2=" ">
      <subfield code="a">Voordehandse titel: Derde verhandeling over de inlandsche paarden.</subfield>
    </datafield>
    <datafield tag="758" ind1=" " ind2=" ">
      <subfield code="a">Antwoord op de vraag, door de Maatschappy, ter Bevordering van den Landbouw, te Amsterdam ... opgegeeven ...: Op welke wyze zoude men het tegenwoordig ras van inlandsche paarden ... tot eene meerdere volkomenheid kunnen brengen, het zy door vermenging van hetzelve met vreemde rassen, of wel door eene meerdere oplettendheid, in het aanfokken en opvoeden der jonge paarden, als anderzins? (Text)</subfield>
      <subfield code="1">https://id.oclc.org/worldcat/entity/E39PCYDt79YhdjwQcmkRMWJrWP</subfield>
      <subfield code="4">https://id.oclc.org/worldcat/ontology/hasWork</subfield>
    </datafield>
    <datafield tag="936" ind1=" " ind2=" ">
      <subfield code="a">BATCHLOAD</subfield>
    </datafield>
  </record>